| 000 | 00417cam a2200169ua 4500 | ||
|---|---|---|---|
| 020 | _c1.75 | ||
| 041 |
_amal _h |
||
| 082 |
_a894.81209 _bKAV/BA |
||
| 100 | _aBalamaniamma, . | ||
| 245 |
_aBalamaniyammayude kavitha / _cBalamaniamma. _hTextual Documents |
||
| 260 |
_aTrivandrum : _bKavitha Samithi , _c1968. |
||
| 300 | _a112 ; . | ||
| 365 | _a1.75 | ||
| 504 | _a | ||
| 942 | _cBK | ||
| 999 |
_c12019 _d12019 |
||